Central Library OPAC University of Rajshahi

Reservation to city : (Record no. 41980)

MARC details
000 -LEADER
fixed length control field 00914nam a2200253 a 4500
001 - CONTROL NUMBER
control field 41980
003 - CONTROL NUMBER IDENTIFIER
rucl marc code BD-RjUL
005 - DATE AND TIME OF LATEST TRANSACTION
control field 20211209053458.0
008 - FIXED-LENGTH DATA ELEMENTS--GENERAL INFORMATION
fixed length control field 711007s1971 ilua b 000 0 eng d
035 ## - SYSTEM CONTROL NUMBER
System control number (BD-RjUL)42098
040 ## - CATALOGING SOURCE
Original cataloging agency DLC
Transcribing agency DLC
Modifying agency BD-RjUL
Language of cataloging eng
041 ## - LANGUAGE CODE
Language code of text/sound track or separate title eng
082 00 - DEWEY DECIMAL CLASSIFICATION NUMBER
Classification number 301.361
Edition number 19
Author mark and year NER 1971
100 1# - MAIN ENTRY--PERSONAL NAME
Personal name Neils, Elaine M.
9 (RLIN) 129050
245 10 - TITLE STATEMENT
Title Reservation to city :
Remainder of title Indian migration and Federal relocation /
Statement of responsibility, etc. Elaine M. Neils.
260 ## - PUBLICATION, DISTRIBUTION, ETC. (IMPRINT)
Place of publication, distribution, etc. [Chicago :
Name of publisher, distributor, etc. Dept. of Geography, University of Chicago],
Date of publication, distribution, etc. 1971.
300 ## - PHYSICAL DESCRIPTION
Pagination x, 198 p. :
Illustrations ill. ;
Size 23 cm.
504 ## - BIBLIOGRAPHY, ETC. NOTE
Bibliography, etc Includes bibliographical references.
650 #0 - SUBJECT ADDED ENTRY--TOPICAL TERM
Topical term or geographic name as entry element Indians of North America
General subdivision Urban residence.
9 (RLIN) 129051
Topical term or geographic name as entry element Indians of North America
General subdivision Government relations
Chronological subdivision 1934-
9 (RLIN) 129052
830 #0 - SERIES ADDED ENTRY--UNIFORM TITLE
Uniform title University of Chicago geography research paper ;
Volume number/sequential designation no. 131
942 ## - ADDED ENTRY ELEMENTS (KOHA)
Source of classification or shelving scheme Dewey Decimal Classification
Koha item type Books
Holdings
Lost status Source of classification or shelving scheme Damaged status Not for loan Collection code Permanent Location Current Location Shelving location Date acquired Total Checkouts Full call number Date last seen Copy number Koha item type
  Dewey Decimal Classification     Non-fiction Central Library, University of Rajshahi Central Library, University of Rajshahi   01/03/1978   301.361 NER 1971 08/06/2016 C-2 Books